20,000 leagues under the sea / (Record no. 676)

MARC details
000 -LEADER
fixed length control field 01012nam a22002777a 4500
005 - DATE AND TIME OF LATEST TRANSACTION
control field 20240326145843.0
020 ## - INTERNATIONAL STANDARD BOOK NUMBER
International Standard Book Number 978043922715
040 ## - CATALOGING SOURCE
Original cataloging agency DLC
Transcribing agency DLC
Modifying agency DLC
-- WaU
-- DLC
-- FISKH
Language of cataloging eng
050 00 - LIBRARY OF CONGRESS CALL NUMBER
Classification number PZ7.V597
Item number Tw8 2000
082 00 - DEWEY DECIMAL CLASSIFICATION NUMBER
Classification number Fic
Edition number 21
100 1# - MAIN ENTRY--PERSONAL NAME
Personal name Verne, Jules,
Dates associated with a name 1828-1905.
245 10 - TITLE STATEMENT
Title 20,000 leagues under the sea /
Statement of responsibility, etc. Jules Verne ; With an introduction by Bruce Coville
246 30 - VARYING FORM OF TITLE
Title proper/short title Twenty thousand leagues under the sea
260 ## - PUBLICATION, DISTRIBUTION, ETC.
Place of publication, distribution, etc. New York :
Name of publisher, distributor, etc. Scholastic,
Date of publication, distribution, etc. 2000.
300 ## - PHYSICAL DESCRIPTION
Extent 426, 2 unnumbered pages :
Dimensions 18 cm.
505 ## - FORMATTED CONTENTS NOTE
Formatted contents note Z
520 ## - SUMMARY, ETC.
Summary, etc. Retells the adventures of a French professor and his two companions as they sail above and below the world's oceans as prisoners on the fabulous electric submarine of the deranged Captain Nemo.
521 ## - TARGET AUDIENCE NOTE
Target audience note 1100 <br/>
Source Lexile
521 ## - TARGET AUDIENCE NOTE
Target audience note Z1 <br/>
Source Raz-Plus
650 #1 - SUBJECT ADDED ENTRY--TOPICAL TERM
Topical term or geographic name entry element Science fiction.
650 #1 - SUBJECT ADDED ENTRY--TOPICAL TERM
Topical term or geographic name entry element Submarines (Ships)
Form subdivision Fiction.
650 #1 - SUBJECT ADDED ENTRY--TOPICAL TERM
Topical term or geographic name entry element Sea stories.
906 ## - LOCAL DATA ELEMENT F, LDF (RLIN)
a 7
b cbc
c orignew
d 1
e ocip
f 20
g y-gencatlg
942 ## - ADDED ENTRY ELEMENTS (KOHA)
Source of classification or shelving scheme Dewey Decimal Classification
Koha item type Books
Suppress in OPAC No
999 ## -
-- 676
-- 676
Holdings
Withdrawn status Lost status Source of classification or shelving scheme Damaged status Not for loan Collection Home library Current library Shelving location Date acquired Total Checkouts Full call number Barcode Date last seen Price effective from Koha item type
    Dewey Decimal Classification     Fiction Footprints International School Library Network Toul Kork Campus Footprints International School Library Network Toul Kork Campus TTP Secondary Fiction Bookshelves 06/29/2023   VER Fic PQ2469.V47 FISSE01053 06/29/2023 06/29/2023 Books